000 00696nam a2200193 a 4500
005 20210223122700.0
008 991125s1951 mx 000 0 spa u
035 _aUPN01000039737
049 _aCG
050 4 _aF1776
_bM6.4
100 1 _aMoreno Fraginals, Manuel
245 1 0 _aMisiones cubanas en los archivos europeos /
_cManuel Moreno Fraginals.
260 _aMéxico :
_bInstituto Panamericano de Geografía e Historia,
_c1951.
300 _a124 p.
440 0 _aMisiones americanas en los archivos europeos ;
_v3
440 _aPublicaciones/ Instituto Panamericano de Geografía e Historia.
_pComisión de Historia ;
_v28
651 4 _aCUBA -
_xHISTORIA -
_vFUENTES
_912123
905 _aLibro
999 _c39737
_d39737